01583nam a2200397 a 4500001001200000003000800012006001900020007001500039008004100054010001700095015001900112016001800131020002200149020001800171040002100189035002100210043001200231050002300243082002200266100003700288245020600325260004700531300001900578504006400597533015200661650001800813650002500831650002900856650006400885655002900949700002600978700002101004710001701025856012601042999001701168ebr10298277CaPaEBRm u cr cn|||||||||050629s2006 caua sbf 001 0 eng d z 2005930011 aGBA5773152bnb7 z0132920002Uk z1569755132 (pbk.) z9781569755136 aCaPaEBRcCaPaEBR a(OCoLC)472400488 an-us---14aRC550b.A74 2006eb04a616.8900883552221 aArmstrong, Keithq(Keith Robert)10aCourage after fireh[electronic resource] :bcoping strategies for troops returning from Iraq and Afghanistan and their families /cKeith Armstrong, Suzanne Best, Paula Domenici ; foreword by Bob Dole. aBerkeley, Calif. :bUlysses Press,cc2006. a239 p. :bill. aIncludes bibliographical references (p. 205-229) and index. aElectronic reproduction.bPalo Alto, Calif. :cebrary,d2013.nAvailable via World Wide Web.nAccess may be limited to ebrary affiliated libraries. 0aWar neuroses. 0aMilitary psychiatry. 0aVeteransxMental health. 0aVeterans' familieszUnited StatesvHandbooks, manuals, etc. 7aElectronic books.2local1 aBest, Suzanne,d1962-1 aDomenici, Paula.2 aebrary, Inc.40uhttp://site.ebrary.com/lib/rucke/Doc?id=10298277zAn electronic book accessible through the World Wide Web; click to view c64375d64375